Guess the Movie by Its Actors 3.0 - Statistics

General Stats
  • This quiz has been taken 22 times
  • The average score is 22 of 100
Answer Stats
Cast Movie % Correct
John Travolta, Olivia Newton-John, Stockard Channing Grease
78%
Joaquin Phoenix, Robert De Niro, Zazie Beetz Joker
78%
Russell Crowe, Ed Harris, Jennifer Connelly A Beautiful Mind
72%
Woody Harrelson, Juliette Lewis, Robert Downey Jr. Natural Born Killers
61%
Leonardo DiCaprio, Brad Pitt, Margot Robbie Once Upon a Time in Hollywood
61%
Bradley Cooper, Ed Helms, Zach Galifianakis The Hangover
61%
Billy Crystal, Meg Ryan, Carrie Fisher When Harry Met Sally...
61%
Leonardo DiCaprio, Jennifer Connelly, Djimon Hounsou Blood Diamond
56%
Dustin Hoffman, Robin Williams, Julia Roberts Hook
50%
Bradley Cooper, Jennifer Lawrence, Robert De Niro Silver Linings Playbook
50%
F. Murray Abraham, Tom Hulce, Elizabeth Berridge Amadeus
44%
Chadwick Boseman, Michael B. Jordan, Lupita Nyong'o Black Panther
44%
Chow Yun-fat, Michelle Yeoh, Zhang Ziyi Crouching Tiger, Hidden Dragon
44%
Dakota Johnson, Jamie Dornan, Jennifer Ehle Fifty Shades of Grey
44%
Harvey Keitel, George Clooney, Quentin Tarantino From Dusk till Dawn
44%
Daniel Craig, Christoph Waltz, Léa Seydoux Spectre
44%
Ralph Fiennes, Juliette Binoche, Willem Dafoe The English Patient
44%
Tom Cruise, Timothy Spall, Ken Watanabe The Last Samurai
44%
Patrick Stewart, Hugh Jackman, Ian McKellen X-Men
44%
Tom Skerritt, Sigourney Weaver, Veronica Cartwright Alien
39%
Adam Sandler, Christopher McDonald, Julie Bowen Happy Gilmore
39%
Jack Lemmon, Shirley MacLaine, Fred MacMurray The Apartment
39%
Denzel Washington, Russell Crowe, Chiwetel Ejiofor American Gangster
33%
Michael Keaton, Zach Galifianakis, Edward Norton Birdman
33%
Ryan Phillippe, Sarah Michelle Gellar, Reese Witherspoon Cruel Intentions
33%
Casey Affleck, Michelle Williams, Kyle Chandler Manchester by the Sea
33%
Hugh Jackman, Christian Bale, Scarlett Johansson The Prestige
33%
Hugh Jackman, Kate Beckinsale, Richard Roxburgh Van Helsing
33%
Bruce Willis, Madeleine Stowe, Brad Pitt 12 Monkeys
28%
Robert De Niro, Chazz Palminteri, Lillo Brancato A Bronx Tale
28%
Johnny Depp, Penélope Cruz, Franka Potente Blow
28%
Tom Hanks, Mark Rylance, Amy Ryan Bridge of Spies
28%
Tom Hanks, Helen Hunt, Nick Searcy Cast Away
28%
Paul Newman, George Kennedy, J. D. Cannon Cool Hand Luke
28%
Constance Wu, Henry Golding, Gemma Chan Crazy Rich Asians
28%
Billy Bob Thornton, Halle Berry, Heath Ledger Monster's Ball
28%
Chris Evans, Song Kang-ho, Tilda Swinton Snowpiercer
28%
Michael Nyqvist, Noomi Rapace, Ingvar Hirdwall The Girl with the Dragon Tattoo
28%
Natalie Portman, Hugo Weaving, Stephen Rea V for Vendetta
28%
Ben Stiller, Owen Wilson, Will Ferrell Zoolander
28%
Ewan McGregor, Albert Finney, Billy Crudup Big Fish
22%
Jodie Foster, Matthew McConaughey, James Woods Contact
22%
Viggo Mortensen, Naomi Watts, Vincent Cassel Eastern Promises
22%
Elliot Page, Michael Cera, Jennifer Garner Juno
22%
Kevin Spacey, Russell Crowe, Guy Pearce L.A. Confidential
22%
Reese Witherspoon, Luke Wilson, Selma Blair Legally Blonde
22%
Greg Kinnear, Steve Carell, Toni Collette Little Miss Sunshine
22%
Ralph Fiennes, F. Murray Abraham, Mathieu Amalric The Grand Budapest Hotel
22%
Christian Bale, Bradley Cooper, Amy Adams American Hustle
17%
Cate Blanchett, Rooney Mara, Sarah Paulson Carol
17%
Russell Crowe, Renée Zellweger, Paul Giamatti Cinderella Man
17%
Fionn Whitehead, Tom Glynn-Carney, Jack Lowden Dunkirk
17%
Andrew Garfield, Sam Worthington, Luke Bracey Hacksaw Ridge
17%
Danny Trejo, Steven Seagal, Michelle Rodriguez Machete
17%
Steven Yeun, Han Ye-ri, Alan Kim Minari
17%
Ben Stiller, Carla Gugino, Dick Van Dyke Night at the Museum
17%
Jamie Foxx, Kerry Washington, Clifton Powell Ray
17%
Will Smith, Jared Leto, Margot Robbie Suicide Squad
17%
Cate Blanchett, Noémie Merlant, Nina Hoss Tár
17%
Sacha Baron Cohen, Anna Faris, Ben Kingsley The Dictator
17%
Robert De Niro, Jerry Lewis, Tony Randall The King of Comedy
17%
Jonah Hill, Miles Teller, Ana de Armas War Dogs
17%
Patricia Arquette, Ellar Coltrane, Lorelei Linklater Boyhood
11%
Marcello Mastroianni, Anita Ekberg, Anouk Aimée La Dolce Vita
11%
Robert De Niro, Cuba Gooding Jr., Hal Holbrook Men of Honor
11%
Peter Weller, Judy Davis, Ian Holm Naked Lunch
11%
Richard Roundtree, Moses Gunn, Charles Cioffi Shaft
11%
Catherine Deneuve, David Bowie, Susan Sarandon The Hunger
11%
Bill Paxton. Billy Bob Thornton, Bridget Fonda A Simple Plan
6%
Samuel L. Jackson, Rob Brown, Ashanti Coach Carter
6%
Jason Statham, Amy Smart, Jose Pablo Cantillo Crank
6%
Michael Caine, Ian Hendry, John Osborne Get Carter
6%
John Travolta, Michelle Pfeiffer, Christopher Walken Hairspray
6%
Linden Ashby, Cary-Hiroyuki Tagawa, Robin Shou Mortal Kombat
6%
Sergi López, Maribel Verdú, Ivana Baquero Pan's Labyrinth
6%
Sean Connery, Wesley Snipes, Harvey Keitel Rising Sun
6%
Benicio del Toro, Dennis Farina, Jason Flemyng Snatch
6%
Channing Tatum, Jenna Dewan, Mario Barrett Step Up
6%
Rose Byrne, Cliff Curtis, Chris Evans Sunshine
6%
Samy Naceri, Frédéric Diefenthal, Marion Cotillard Taxi
6%
Steve Buscemi, Simon Russell Beale, Paddy Considine The Death of Stalin
6%
Burt Lancaster, Claudia Cardinale, Alain Delon The Leopard
6%
Stanley Baker, Jack Hawkins, Ulla Jacobsson Zulu
6%
Dirk Bogarde, James Caan, Michael Caine A Bridge Too Far
0%
Tahar Rahim, Niels Arestrup, Adel Bencherif A Prophet
0%
Jack Lemmon, Lee Remick, Charles Bickford Days of Wine and Roses
0%
Nigel Terry, Helen Mirren, Nicol Williamson Excalibur
0%
Leslie Cheung, Zhang Fengyi, Gong Li Farewell My Concubine
0%
Jason Statham, James Franco, Winona Ryder Homefront
0%
Takeshi Kaneshiro, Andy Lau, Zhang Ziyi House of Flying Daggers
0%
Til Schweiger, Jan Josef Liefers, Moritz Bleibtreu Knockin' on Heaven's Door
0%
Ken Watanabe, Kazunari Ninomiya, Tsuyoshi Ihara Letters from Iwo Jima
0%
Chris Tucker, Charlie Sheen, Heather Locklear Money Talks
0%
Brooke Shields, Keith Carradine, Susan Sarandon Pretty Baby
0%
Ian McKellen, Annette Bening, Jim Broadbent Richard III
0%
Stockard Channing, Will Smith, Donald Sutherland Six Degrees of Separation
0%
Keanu Reeves, Forest Whitaker, Hugh Laurie Street Kings
0%
Kevin Spacey, Danny DeVito, Peter Facinelli The Big Kahuna
0%
John Lone, Joan Chen, Peter O'Toole The Last Emperor
0%
Kurt Russell, Val Kilmer, Michael Biehn Tombstone
0%
No matching quizzes found
Score Distribution
Percent of People with Each Score
Percentile by Number Answered
Your Score History
You have not taken this quiz